| 000 | 00469nam a2200157 i 4500 | ||
|---|---|---|---|
| 001 | 56522 | ||
| 003 | ES-MaACL | ||
| 007 | t| | ||
| 008 | 031009s1944 mx ||||1| spa d | ||
| 100 | 1 |
_aDilthey, Wilhelm. _944818 |
|
| 245 | 1 | 0 |
_aHegel y el idealismo / _cWilhelm Dilthey ; versión y epílogo de Eugenio Imar. |
| 250 | _a[1ª ed.]. | ||
| 260 |
_aMéxico : _bFondo de Cultura Económica, _c[1944] |
||
| 300 |
_a383 p. ; _c24 cm. |
||
| 852 |
_aES-MaACL _jE-2283 _bR.23397 |
||
| 999 |
_c56522 _d56522 |
||